|
|
|
|
| LEADER |
00774nta a2200205 i 4500 |
| 001 |
dokt7059 |
| 005 |
20220614144157.0 |
| 008 |
220614s1988 hu om 0|| hun d |
| 040 |
|
|
|a SZTE Doktori Repozitórium
|b hun
|
| 041 |
|
|
|a hun
|
| 100 |
1 |
|
|a Kocsis Éva
|
| 245 |
1 |
2 |
|a A szarkoplazmatikus retikulum Ca2+-ATPáz izolált dimérek szerkezetének vizsgálata foto szuperpozíciós és számítógépes átlagolási eljárással
|h [elektronikus dokumentum] /
|c Kocsis Éva
|
| 260 |
|
|
|c 1988
|
| 502 |
|
|
|a Disszertacio
|
| 650 |
|
4 |
|a biológiai tudományok
|
| 650 |
|
4 |
|a Természettudományok
|
| 650 |
|
4 |
|a Biológiai tudományok
|
| 695 |
|
|
|a Biológia
|
| 700 |
1 |
|
|a Dux László
|e ths
|
| 856 |
4 |
0 |
|u https://doktori.bibl.u-szeged.hu/id/eprint/7059/1/1988_kocsis_eva.pdf
|z Dokumentum-elérés
|